01680nam a2200385 a 4500001001100000003000800011006001900019007001500038008004100053010001700094020004000111040002100151035002000172050002400192082002900216100002300245245011400268260003600382300003600418504006400454533015200518650005200670650006800722650006200790650005000852650006600902650004300968651004201011651003701053655002901090700001601119710001701135856012501152999001701277ebr5001648CaPaEBRm u cr cn|||||||||000407s2000 mauaf sb 001 0 eng  z 00008995  z0807009628 (hardcover : alk. paper) aCaPaEBRcCaPaEBR a(OCoLC)4985518614aE185.8b.G52 2000eb04a305.5/63/089960730752211 aGilbert, Charlene.10aHomecomingh[electronic resource] :bthe story of African-American farmers /cCharlene Gilbert and Quinn Eli. aBoston :bBeacon Press,cc2000. a193 p., 31 p. of plates :bill. aIncludes bibliographical references (p. 173-175) and index. aElectronic reproduction.bPalo Alto, Calif. :cebrary,d2013.nAvailable via World Wide Web.nAccess may be limited to ebrary affiliated libraries. 0aFreedmenzSouthern StatesxEconomic conditions. 0aAfrican American farmerszSouthern StatesxEconomic conditions. 0aAfrican AmericansxLand tenurezSouthern StatesxHistory. 0aFreedmenzSouthern StatesxSocial conditions. 0aAfrican American farmerszSouthern StatesxSocial conditions. 0aLand tenurezSouthern StatesxHistory. 0aSouthern StatesxEconomic conditions. 0aSouthern StatesxRace relations. 7aElectronic books.2local1 aEli, Quinn.2 aebrary, Inc.40uhttp://site.ebrary.com/lib/rucke/Doc?id=5001648zAn electronic book accessible through the World Wide Web; click to view c16258d16258